00667nam a22002057a 450000500170000001000130001702000220003003500130005203700160006504000120008108200170009310000180011024501050012826000360023327000510026930000260032050000500034665000280039665000370042420170124110153.0 aA-794490 c00.00a8185427151 aA-794490 bCen Lib/Ret aDPLbEN a658.301bRAM aRamaswami, N. aThe management of human resource :cby N.Ramaswamybincluding industrial relations and labour laws / aMadrasbT.R. Publicationsc1996 a57, South Usman Road, T.NagarbMadrase600 017 axvii,250p. c24cm(Hb) aIncludes bibliographical references and index aHuman resource planning aIndustrial relations,Labour laws